| 000 | 00597cam a22002054a 4500 | ||
|---|---|---|---|
| 005 | 20250605164253.0 | ||
| 008 | 250528s ||||||||||||||||||||||||d | ||
| 035 | _a21817 | ||
| 020 | _a9789603946229 | ||
| 040 |
_aGR-AtMCL _bgre _dGR-AtMCL _eAACR2 |
||
| 245 | 1 | _aΕΛΛΗΝΙΚΕΣ ΔΟΚΙΜΑΣΙΕΣ ΛΕΚΤΙΚΗΣ ΕΥΧΕΡΕΙΑΣ | |
| 250 | _a1 | ||
| 260 |
_bΕκδόσεις Παρισιάνου, _c2010 |
||
| 300 | _a114 | ||
| 700 | 1 |
_aΒλαχου Χριστινα _97733 |
|
| 700 | 1 |
_aΚοσμιδου Μαιρη _97734 |
|
| 942 | _cBK | ||
| 999 |
_c6876 _d6876 |
||